| 000 | 00349nam a2200121Ia 4500 | ||
|---|---|---|---|
| 008 | 220901s9999||||xx |||||||||||||| ||und|| | ||
| 082 | _a624 MEH | ||
| 100 | _aMehrotra, Puneet | ||
| 245 | 0 | _aJournal of structural engineering and management | |
| 250 | _aVol. 6 (3) & 7 (1) | ||
| 260 |
_bSTM Journals _c2019 & 2020 |
||
| 650 | _astructural engineering | ||
| 999 |
_c194108 _d194108 |
||